01000nam0a22002291 4500001001500000005001700015035002600032100004100058101001300099102000700112105001800119200024000137210008200377215001600459700005500475702005900530702009300589801001800682801002200700801002700722852002100749v19\rc\159144220250619051340.0 a(NLR Aleph) 004836565 a20061002d1895 |||y0rusy50 ca1 aruscger aRU ay z |||a|1 aАрриа и МессалинаeТрагедия в 5 д. (6 карт.)eПосвящено М.А. Саблиной-ДольскойfСоч. А. Вильдебранта [!]gПер. в стихах А.[!Л.]Ф. Яковлева aМоскваcТеатр. б-ка С.И. Напойкинаdценз. 1895 a120 с.d23 1aВильбрандтbА.f1837-1911gАдольф 1aЯковлевbЛ.Ф.gЛеонард Фомич4730 1aСаблина-ДольскаяbМ.А.f1867-1942gМария Алексеевна4280 0aRUbNLRgpsbo 0aRUbRuMoRGB2psbo 1aRUbProSoft-M2rusmarc aNLRj18.268.4.99